000 00517nam a2200181 i 4500
001 142567
003 ES-MaACL
005 20250907063113.0
007 t|
008 071008s1969 sp ||||1| cat d
100 1 _aVillalonga, Llorenç,
_d1897-1980
_9114975
245 1 3 _aLa gran batuda
_b: novel-la /
_cLlorenç Villalonga.
250 _a[1ª ed.].
260 _aBarcelona :
_bClub Editor,
_c[1969]
300 _a191 p. ;
_c19 cm.
852 _aES-MaACL
_jC-51578
_bR.66841
999 _c142567
_d142567